000 004690000a22001810004500
003 MACL
005 20151027132104.0
008 151027b xxu||||| |||| 00| 0 eng d
040 _aMACL
_cMACL
041 _aEnglish
082 _a340/GUP
100 _aGupta, Ram Prasad Das Gupta
_916927
245 _aCrime and Punishment In Ancient India
260 _bBharatiya Kala Prakashan
_c2007
_aDelhi
350 _a400
650 _aLaws
_916928
942 _cBK
_k340/GUP
_2ddc
999 _c43928
_d43928